000
00260nam a22001097a 4500
008
170126b xxu||||| |||| 00| 0 eng d
020
_a
9780827369696
041
_a
eng
080
_a
61
245
_a
ESSENTIALS OF HEALTH SERVICES
_c
WILLIAMS, S.J
942
_2
udc
_c
BK
999
_c
3771
_d
3771